| 000 | 00763nam a2200181 i 4500 | ||
|---|---|---|---|
| 001 | 158902 | ||
| 003 | ES-MaACL | ||
| 005 | 20230906211352.0 | ||
| 008 | 020730s1895 sp a |||| | spa d | ||
| 040 |
_aCCPB | B _bspa _cCCPB | B |
||
| 100 | 0 |
_aMartín Gil, Ramón. _977508 |
|
| 245 | 1 | 3 |
_aEl electrónomo / _cR. Martín Gil. |
| 260 |
_aMálaga : _b[s.n.], _c1895 ( _festablecimiento tipográfico de Arturo Gilabert) |
||
| 300 |
_a28 p., [1] h. de lám. : _bil. ; _c22 cm. |
||
| 594 | _aPrecede al tít.: Publicado en la Gaceta Médica Catalana. | ||
| 650 | 4 |
_aElectroterapia. _912170 |
|
| 852 |
_aES-MaACL _jT-851-F-1 _z-- Enc. hol. conservando la cub. original _z-- Enc. en un vol. facticio _x-- Edic.: Precede al tit.: Publicado en la Gaceta Médica Catalana |
||
| 999 |
_c158902 _d158902 |
||